Educación Ambiental: historia y conceptos a veinte años de Tbilisi /
Gardado en:
| Autor Principal: | |
|---|---|
| Formato: | Libro |
| Idioma: | Spanish |
| Publicado: |
México :
Sistemas Técnicos de Edición,
1997
|
| Materias: | |
| Etiquetas: |
Engadir etiqueta
Sen Etiquetas, Sexa o primeiro en etiquetar este rexistro!
|
MARC
| LEADER | 00000nam a2200000Ia 4500 | ||
|---|---|---|---|
| 008 | 161103b1997 mx ||||| |||| 00| | spa d | ||
| 999 | |c 453 |d 453 | ||
| 020 | |a 9706291407 | ||
| 090 | |a 06.03.04 |a 1073 | ||
| 100 | 1 | |a González Gaudiano, Edgar |9 2047 | |
| 245 | 1 | 0 | |a Educación Ambiental: historia y conceptos a veinte años de Tbilisi / |c Edgar González Gaudiano |
| 260 | |a México : |b Sistemas Técnicos de Edición, |c 1997 | ||
| 300 | |a 290 páginas | ||
| 650 | 1 | 4 | |a EDUCACIÓN AMBIENTAL |9 439 |
| 650 | 1 | 4 | |a HISTORIA |9 22 |
| 650 | 1 | 4 | |a CULTURA |9 378 |
| 650 | 1 | 4 | |a SOCIEDAD |9 396 |
| 650 | 1 | 4 | |a ESCUELAS |
| 650 | 1 | 4 | |a DESARROLLO SOSTENIBLE |9 443 |
| 942 | |i 001738 |h 06.03.04 1073 |2 z |c 01 | ||



